Представление документа в формате MARC21

Поле Инд. ПП Название Значение
Тип записи a
Библиографический уровень b
001 Контрольный номер RU/IS/BASE/224084573
005 Дата корректировки 20200522191103.2
008 Кодируемые данные 20070206
040 b Код языка каталог. rus
e Правила каталог. PSBO
041 0_ a Код языка текста rus
084 a Индекс другой классификации/Индекс ББК 63.3(2-2Мос)53-2; 65.03(2-2Мос)5
100 1_ a Автор Файн Л. Е.
q Полное имя Файн Леонид Ефремович
245 10 a Заглавие Досоветская кооперативная Москва
504 a Библиография Лит. в примеч.: с. 19 - 20
650 a Основная рубрика внутренняя политика
a Основная рубрика история
a Основная рубрика экономика
a Основная рубрика экономическая история (история хозяйства)
653 1_ a Ключевые слова XX век
a Ключевые слова кооперативное движение
a Ключевые слова кооперативы
a Ключевые слова кредитные товарищества
a Ключевые слова Москва
a Ключевые слова Московский народный банк
a Ключевые слова Московский союз потребительских обществ
a Ключевые слова потребительская кооперация
a Ключевые слова Россия
a Ключевые слова социально-экономические отношения
a Ключевые слова экономическая политика
773 0_ t Заглавие источника Вопросы истории
d Дата издания источника 2007
g Прочая информация № 1. - С. 3 - 19
w Контрольный № источника RU/IS/BASE/222876244
901 t Тип документа b